42 Forty-Twos Quiz Stats

 Plays Quiz Updated Feb 20, 2019

Score 0/42 Timer 08:00
0 Plays Today
Statement Answer % Correct
There are 42 countries in this strategy board game.Risk
89.8%
This man was the 42nd President of the United States.Bill Clinton
82.2%
This singer, 'The King,' died aged 42.Elvis Presley
72.9%
This Toy Story character's ship is called 42.Buzz Lightyear
72.5%
The poles of this planet have around 42 years of sunlight followed by 42 years of darkness.Uranus
68.4%
There are 42 laws of this bat and ball sport.Cricket
67.8%
The first star found outside our solar system with an orbiting planet is 42 of these away.Light Years
66.5%
In Finding Nemo, Nemo is taken to 42 Wallaby Way in this city.Sydney
65.6%
42nd Street in Manhattan intersects with Broadway at this famous square.Times Square
65%
The atomic bomb that devastated this city had the power of 42 million sticks of dynamite.Nagasaki
64.3%
42 is the only number to have a special emoticon on this social website.Facebook
63.7%
All three of the best-selling music albums of all time are 42 of these in length.Minutes
63.6%
This ship was travelling at 42km/h when it collided with an iceberg.Titanic
63%
42 generations separated Abraham from this Biblical figure.Jesus Christ
59.6%
Midnight Cowboy won this at the 42nd Academy Awards.Best Picture
58.9%
At 42km long, this is the longest distance running event in the Olympic Games.Marathon
58.4%
The chamber in this Ancient Wonder is 42 meters from the ground.The Great Pyramid
57.4%
42°C is the normal body temperature for this domesticated fowl.Chicken
56.3%
42 is the only number retired for every MLB team, in honor of this man.Jackie Robinson
52%
There are 42 US gallons in a barrel of this.Crude Oil
48.7%
The Forty-Two Gang was a Prohibition-era gang in this US city.Chicago
47.8%
Statement Answer % Correct
One Big Mac contains 42% of the recommended daily intake of this substance.Salt
46.8%
This website ranks Taxi Driver as the 42nd best movie of all time.IMDb
44.5%
This X-Files character lived in apartment 42.Fox Mulder
42.5%
'42' was a 42-minute long episode of this British sci-fi television series.Doctor Who
42.3%
In 2009, Forbes magazine ranked this royal the 42nd most powerful woman in the world.Queen Elizabeth II
41.5%
If one of these goes dormant, on average it remains in that state for 42 years.Volcano
39.4%
This Southeast Asian country has the 42nd largest population.Malaysia
38.1%
Queen Victoria and Prince Albert had 42 of these.Grandchildren
32.6%
The 42nd of these is marked in the US with a gift of improved real estate.Wedding Anniversary
30.9%
The average dog has 42 of these over its lifetime.Teeth
28.7%
The Beast will hold dominion over the Earth for 42 of these. (Revelation 13:5)Months
26.7%
42 is the 'ultimate answer to life, the universe, and everything' in a novel by this man.Douglas Adams
26.6%
In 1963, 17 men robbed one of these and took the equivalent of £42 million in today's money.Train
25.8%
42 is one of the recurring numbers in this TV show.Lost
25.1%
In 2016, this gymnast became the first woman to win 4 consecutive national championships in 42 years.Simone Biles
17.9%
+42 was the country calling code for this former European country.Czechoslovakia
17.6%
There are 42 Divine Principles of Ma'at in this civilization's mythology.Egypt
12.9%
The line between your eye and the top of this phenomenon's curve is always 42° relative to the ground.Rainbow
10%
There are 42 of these in a deck of cards.Eyes
5.8%
This element, the 42nd most common in the universe, has atomic number 42.Molybdenum
4.5%
The ASCII code 42 corresponds to this symbol. (name)Asterisk
4.3%

You're not logged in!

Compare scores with friends on all Sporcle quizzes.
OR
Log In

Show Comments

Extras

Top Quizzes Today


Score Distribution

Your Account Isn't Verified!

In order to create a playlist on Sporcle, you need to verify the email address you used during registration. Go to your Sporcle Settings to finish the process.

Report this User

Report this user for behavior that violates our Community Guidelines.

Details: